Conexões: de Sócrates a Sócrates e outras 114 ligações inusitadas (Record no. 122292)

MARC details
000 -LÍDER
campo de controle de tamanho fixo 00809 a2200241 4500
001 - NÚMERO DE CONTROLE
campo de controle 122292
020 ## - ISBN - INTERNATIONAL STANDARD BOOK NUMBER
ISBN - International Standard Book Number 9788555790386
040 ## - FONTE DA CATALOGAÇÃO
Instituição que transcreveu o registro Escola Canadense de Niteroi
090 ## - NÚMERO DE CHAMADA LOCAL
Número de chamada (OCLC) (R); Número de chamada, CALL (RLIN) (NR) ABR
100 ## - ENTRADA PRINCIPAL--NOME PESSOAL
Nome pessoal Editora Abril
245 10 - TÍTULO
Título Conexões: de Sócrates a Sócrates e outras 114 ligações inusitadas
260 ## - PUBLICAÇÃO, DISTRIBUIÇÃO, ETC.
Local de publicação, distribuição, etc. São Paulo
300 ## - DESCRIÇÃO FÍSICA
Extensão 232 p.
Outros detalhes físicos il.
Dimensões 4 x 21 cm (brochura)
362 0# - DATAS DE PUBLICAÇÃO E/OU DESIGNAÇÃO SEQUENCIAL
Datas de publicação e/ou designação sequencial 2016
490 0# - TÍTULO DA SÉRIE
Título da série Conexões
520 ## - NOTA DE RESUMO, ETC
Resumo, etc. Conexões é uma seção clássica da SUPER: prova todos os meses, há 11 anos, que há meros 5 gruas de separação entre qualquer coisa deste planeta. Confira nesta coletânea histórica.
650 #4 - ASSUNTO--TERMO TÓPICO
Cabeçalho tópico ou nome geográfico Literatura Infanto Juvenil
650 #4 - ASSUNTO--TERMO TÓPICO
Cabeçalho tópico ou nome geográfico Não Ficção
650 #4 - ASSUNTO--TERMO TÓPICO
Cabeçalho tópico ou nome geográfico Conhecimentos gerais
650 #4 - ASSUNTO--TERMO TÓPICO
Cabeçalho tópico ou nome geográfico Lugares e Pessoas
650 #4 - ASSUNTO--TERMO TÓPICO
Cabeçalho tópico ou nome geográfico Curiosidades
942 ## - ELEMENTOS DE ENTRADA ADICIONADOS (KOHA)
Tipo de material Koha Livros
Holdings
Situação do descarte Situação das perdas Situação física Não pode ser emprestado Biblioteca de origem Biblioteca atual Data de aquisição Total de empréstimos Número de chamada completo Código de barras Data de último acesso Data do preço efetivo Tipo de material Koha Fonte da classificação ou esquema de arquivamento na estante
        Canadian School of Niterói - Itacoatiara Canadian School of Niterói - Itacoatiara 09/02/2024   ABR A28064 09/02/2024 09/02/2024 Livros  
        Domus - Itaim Bibi Domus - Itaim Bibi 28/06/2024   001 C756 9788563222589 28/06/2024 28/06/2024 Livros Classificação Decimal de Dewey